zpět

Detail výsledku týmu

Dělnický dům, Jihlava

Datum a čas kvízu

22 Celkem bodů Celkový počet nahraných bodů na tomto kvízu bez doplňovacích otázek.
7. Pořadí na kvízu Konečné umístění týmu na tomto kvízu.

Zaznamenané odpovědi

# Otázka Odpověď Body Výsledky
1. Ve středu vybírala Sněmovna v... Stanislav Křeček 0
2. Situaci kolem pandemie novým t... Covid-19 1
3. V neděli 9. února se konal v... Parazit 1
4. Ocenění Zlatá pecka pro nejlep... Josef Polášek 0
5. Není moc obvyklé, aby se v naš... Karlovy Vary, Kometa Brno 0
6. Šachy jsou vskutku velmi staro... šáh 0
7. Z následujících tvrzení vybert... C 0
8. Jak se nazývá typ šachové hry,... bleskový šach (také bleskovka čili blicka) 0
9. Jak se jmenuje matematický pro... jezdcova procházka 0
10. Jak se jmenuje tento současný... David Navara 0